| 000 | 00825cab a2200277 4500 | ||
|---|---|---|---|
| 001 | ABS51974 | ||
| 008 | 090401t1994 xxu||||| |||| 00| 0 eng d | ||
| 035 | _a(Sirsi) u53475 | ||
| 041 | _aeng | ||
| 100 | _aDowall, D. | ||
| 245 | _aUrban residential redevelopment in the People`s Republic of China | ||
| 260 | _c1994 | ||
| 350 | _a0 | ||
| 490 |
_aUrban Studies _v31(9) November 1994, 1497-1516(20) |
||
| 520 | _aReports an evaluation of urban redevelopment policies and practices in China and highlights how regulations can impair projects. | ||
| 650 | _aCHINA | ||
| 650 | _aHONG KONG | ||
| 650 | _aHOUSING DEVELOPMENT | ||
| 650 | _aSEOUL | ||
| 650 | _aSINGAPORE | ||
| 650 | _aURBAN REDEVELOPMENT | ||
| 690 | _aOVERSEAS-REST OF THE WORLD | ||
| 690 | _aURBAN RENEWAL | ||
| 942 | _n0 | ||
| 948 | _c04/03/1997 | ||
| 999 |
_c32961 _d32961 |
||